Tell me... Tell us..

Enregistré dans:
Détails bibliographiques
Auteur principal: Robinson, Barrie
Format: Livre
Langue:anglais
Publié: Bratislava Slov. ped. nakl. 1992
Édition:1. vyd.
Sujets:
Tags: Ajouter un tag
Pas de tags, Soyez le premier à ajouter un tag!

MARC

LEADER 00000nam a2200000 4500
001 c005061
005 20221214090737.7
020 |a 80-08-01565-9 
041 0 |a eng 
044 |a SK 
245 1 0 |a Tell me... Tell us..  |c Barrie Robinson 
250 |a 1. vyd. 
264 1 |a Bratislava  |b Slov. ped. nakl.  |c 1992 
300 |a 158 s. 
610 2 0 |a jazykoveda 
610 2 0 |a angličtina 
100 1 |a Robinson, Barrie